Biggest Cities in the European Union by Letter - T - Statistics

General Stats
  • This quiz has been taken 304 times
  • The average score is 11 of 20
Answer Stats
Rank Population Country Hint City % Correct
1 891,000 Italy Olympic Winter Games 2006 Turin
99%
4 427,000 Estonia Capital, formerly known as Reval Tallinn
97%
3 466,000 France Center of the European aerospace industry Toulouse
92%
2 524,000 Netherlands Seat of the Dutch government The Hague
89%
5 325,000 Greece White Tower, second-biggest in Greece Thessaloniki
87%
10 204,000 Italy Located near Croatia with an important port Trieste
81%
7 228,000 Finland "Manchester of Finland" Tampere
71%
13 188,000 Finland Important seaport for traveling to Stockholm Turku
65%
14 166,000 France French Mediterranean Fleet Toulon
58%
6 319,000 Romania Little Vienna, center of western Romania Timisoara
57%
15 136,000 France River Loire Tours
50%
12 201,000 Italy "The Spartan City" Taranto
42%
17 131,000 Spain Catalan city, Latin: Tarraco Tarragona
42%
9 214,000 Netherlands Tesla Motors Tilburg
40%
20 117,000 Italy Alpine Town, Brenner Trento
35%
11 203,000 Poland Nicolaus Copernicus Toruń
28%
16 134,000 Romania Fortress Church Targu Mures
17%
8 215,000 Spain Castle of Vallparadís Terrassa
16%
18 128,000 Poland Suburb of Katowice Tychy
15%
19 127,000 Spain Madrid suburb with a military airbase Torrejón de Adroz
12%
No matching quizzes found
Score Distribution
Percent of People with Each Score
Percentile by Number Answered
Your Score History
You have not taken this quiz